Social justice and women in India / (Record no. 126933)
[ view plain ]
| 000 -LEADER | |
|---|---|
| fixed length control field | 00816nam a22002537a 4500 |
| 005 - DATE AND TIME OF LATEST TRANSACTION | |
| control field | 20170124110017.0 |
| 010 ## - LIBRARY OF CONGRESS CONTROL NUMBER | |
| LC control number | A-998156 |
| 020 ## - INTERNATIONAL STANDARD BOOK NUMBER | |
| Terms of availability | 00.00 |
| International Standard Book Number | 8185999120 |
| 035 ## - SYSTEM CONTROL NUMBER | |
| System control number | A-998156 |
| 037 ## - SOURCE OF ACQUISITION | |
| Source of stock number/acquisition | Cen Lib/Ret |
| 040 ## - CATALOGING SOURCE | |
| Original cataloging agency | DPL |
| Language of cataloging | EN |
| 082 ## - DEWEY DECIMAL CLASSIFICATION NUMBER | |
| Classification number | 303.372 |
| Item number | SOC |
| 245 ## - TITLE STATEMENT | |
| Title | Social justice and women in India / |
| Statement of responsibility, etc | edited by M.P.Sube [and] Neeta Bora |
| 260 ## - PUBLICATION, DISTRIBUTION, ETC. (IMPRINT) | |
| Place of publication, distribution, etc | Delhi |
| Name of publisher, distributor, etc | Swaraj Prakashan |
| Date of publication, distribution, etc | 1999 |
| 270 ## - ADDRESS | |
| City | Delhi |
| Address | 146/D-16, Sector 7, Rohini |
| Postal code | 110085 |
| 300 ## - PHYSICAL DESCRIPTION | |
| Extent | 348p. |
| Dimensions | 22cm(Hb) |
| 650 ## - SUBJECT ADDED ENTRY--TOPICAL TERM | |
| Topical term or geographic name as entry element | Women-- Social conditions. |
| 9 (RLIN) | 8449 |
| 650 ## - SUBJECT ADDED ENTRY--TOPICAL TERM | |
| Topical term or geographic name as entry element | Women -- Economic conditions. |
| General subdivision | |
| 9 (RLIN) | 18897 |
| 650 ## - SUBJECT ADDED ENTRY--TOPICAL TERM | |
| Form subdivision | |
| Topical term or geographic name as entry element | बाल विकास |
| 9 (RLIN) | 1054 |
| 650 ## - SUBJECT ADDED ENTRY--TOPICAL TERM | |
| Topical term or geographic name as entry element | बाल देखभाल |
| Form subdivision | |
| 9 (RLIN) | 898 |
| 700 ## - ADDED ENTRY--PERSONAL NAME | |
| Personal name | Dube, M.P. |
| 9 (RLIN) | 18898 |
| 700 ## - ADDED ENTRY--PERSONAL NAME | |
| Personal name | Bora, Neeta |
| 9 (RLIN) | 8136 |
| 942 ## - ADDED ENTRY ELEMENTS (KOHA) | |
| Source of classification or shelving scheme | Dewey Decimal Classification |
| Koha item type | English Books |
| Classification part | 303.372 |
| Call number suffix | SOC |
| Withdrawn status | Lost status | Damaged status | Not for loan | Collection code | Home library | Current library | Date acquired | Source of acquisition | Cost, normal purchase price | Total Checkouts | Full call number | Barcode | Date last seen | Copy number | Cost, replacement price | Price effective from | Koha item type |
|---|---|---|---|---|---|---|---|---|---|---|---|---|---|---|---|---|---|
| Not For Loan | Reference | Central Library | Central Library | 26/06/2015 | Cen Lib/Ret | 0.00 | 303.372 SOC | A-998156 | 26/06/2015 | 1 | 0.00 | 26/06/2015 | English Books |
